| 000 | 00770nam a2200229 i 4500 | ||
|---|---|---|---|
| 001 | 121998 | ||
| 003 | ES-MaACL | ||
| 005 | 20230906191903.0 | ||
| 007 | t| | ||
| 008 | 070214s1915 xxk |||| | eng d | ||
| 080 | _a821.134.2.09"11/15" | ||
| 100 | 1 |
_aPost, Chandler Rathfon. _993348 |
|
| 245 | 1 | 0 |
_aMediaeval spanish allegory / _cChandler Rathfon Post. |
| 260 |
_aCambridge : _bH. O. Houghton : _bHarvard University Press, _c1915. |
||
| 300 |
_aX, 332 p. ; _c22 cm. |
||
| 490 | 1 |
_aHarvard studies in comparative literature ; _v4 |
|
| 500 | _aÍndice. | ||
| 650 | 4 |
_aLiteratura española- _yHasta S.XV- _xHistoria y crítica. _9147212 |
|
| 830 | 0 |
_aHarvard studies in comparative literature ; _v4 _9218808 |
|
| 852 |
_aES-MaACL _jC-713 |
||
| 999 |
_c121998 _d121998 |
||